00358nam a2200133Ia 4500008004100000020001400041041000800055082001700063100002100080245005600101250000600157260005300163300000800216210716s1987 xx 000 0 und d a810407612 aeng a005.362 GILJ aGilder, Jules H. aBasic computer programs in science and engineering. a1 aNew DelhibCBS Publishers and Distributorsc1987 a247